00479nam a22001457a 4500003000500000020001500005038001400020082000800034100001700042245014400059260003700203300003000240650003300270700003000303NUST qHardcover. aMr.Zahoor a510 aSaeed, Sadia aNumerical Solution of Burger's equation with random initial conditions using wiener chaos expansion and lax- Wendroff Method /cSadia Saeed aIslamabad :bCAMP - NUST,c2013. aiv, 52 p. : ill. ;c30cm. aMathematics - M.Phil Thesis  aProf. Muneer Ahmad Rashid